Vývojové trendy vo výrobe

Výroba všeobecne sa vo svojej histórii postupne zdokonaľovala a zlepšovala, ale najväčší vplyv na jej zmeny mali priemyselné revolúcie. Historicky boli doteraz zaznamenané tri priemyselné revolúcie. Za prvú priemyselnú revolúciu je označované využitie pary na konci 18. storočia. Druhým stupňom je ro...

Ausführliche Beschreibung

Gespeichert in:
Bibliographische Detailangaben
1. Verfasser: Bosák, Martin, 1967-
Weitere Verfasser: Szabó, Gabriel
Format: Buchkapitel
Sprache:Slowakisch
Schlagworte:
Tags: Tag hinzufügen
Keine Tags, Fügen Sie das erste Tag hinzu!

MARC

LEADER 00000naa$a2200000$$$4500
001 0267187
005 20240502074209.0
041 0 |a slo 
044 |a SK 
245 1 0 |a Vývojové trendy vo výrobe  |c Martin Bosák, Gabriel Szabó 
520 |a Výroba všeobecne sa vo svojej histórii postupne zdokonaľovala a zlepšovala, ale najväčší vplyv na jej zmeny mali priemyselné revolúcie. Historicky boli doteraz zaznamenané tri priemyselné revolúcie. Za prvú priemyselnú revolúciu je označované využitie pary na konci 18. storočia. Druhým stupňom je rozbeh pásovej výroby na prelome 19. a 20. storočia. Treťou priemyselnou revolúciou je označovaná automatizácia výroby, uvedená začiatkom 70-tych rokov minulého storočia. V súčasnosti prichádza štvrtá revolúcia, pričom jej plný rozbeh sa očakáva v dvadsiatych rokoch, a bude to doba internetových technológií a digitalizácie. 
610 2 0 |a faktory výrobné 
610 2 0 |a manažéri 
610 2 0 |a manažment 
610 2 0 |a podnik 
610 2 0 |a štruktúra organizačná 
610 2 0 |a priemysel 4.0 
100 1 |a Bosák, Martin, 1967- 
700 1 |a Szabó, Gabriel